[Event "Stuttgart-chB int"]
[Site "Ditzingen"]
[Date "2008.05.03"]
[Round "5"]
[White "Koss, Dietrich"]
[Black "Mainik, Philipp"]
[Result "1-0"]
[WhiteElo "1700"]
[BlackElo "1437"]
[PlyCount "51"]
[EventDate "2008.05.01"]
[EventType "swiss"]
[EventRounds "7"]
[EventCountry "GER"]
[SourceTitle "EXT 2018"]
[Source "ChessBase"]
[SourceDate "2017.10.13"]
[SourceVersion "1"]
[SourceVersionDate "2017.10.13"]
[SourceQuality "1"]

1. e4 e5 2. f4 exf4 3. Nf3 g5 4. Bc4 Bg7 5. d4 d6 6. 0-0 h6 7. g3 g4 8. Nh4 f3 9. c3 Nf6 10. Qb3 Qe7 11. e5 dxe5 12. dxe5 Ne4 13. Be3 Nd7 14. e6 Ndc5 15. exf7+ Kd8 16. Qd1+ Qd7 17. Nf5 Bf8 18. Na3 a6 19. b4 b5 20. Nxb5 axb5 21. Bxb5 Qxd1 22. Rfxd1+ Nd7 23. Bc6 Ra3 24. Bxe4 Ra6 25. b5 Re6 26. Nd4 1-0

[Event "Ditzingen op-B"]
[Site "Ditzingen"]
[Date "2006.05.27"]
[Round "6.5"]
[White "Koss, Dietrich"]
[Black "Vogt, Thomas"]
[Result "0-1"]
[WhiteElo "1768"]
[BlackElo "1875"]
[PlyCount "84"]
[EventDate "2006.05.25"]
[EventType "swiss"]
[EventRounds "7"]
[EventCountry "GER"]
[SourceTitle "CBM 112 Extra"]
[Source "ChessBase"]
[SourceDate "2006.07.14"]
[SourceVersion "1"]
[SourceVersionDate "2006.07.14"]
[SourceQuality "1"]

1. e4 c5 2. d4 cxd4 3. c3 dxc3 4. Nxc3 d6 5. Bc4 e6 6. Nf3 Nc6 7. 0-0 Nf6 8. Qe2 Qc7 9. Rd1 a6 10. Bf4 Be7 11. Rac1 Qb8 12. h3 Ne5 13. Bxe5 dxe5 14. a3 0-0 15. b4 b5 16. Ba2 Ra7 17. g4 h6 18. Qe3 Rc7 19. g5 hxg5 20. Nxg5 Nh5 21. h4 g6 22. Nf3 Bf6 23. Rd2 Bb7 24. Rcd1 Nf4 25. Ne2 Rcc8 26. Kh2 Kg7 27. Kg3 Nh5+ 28. Kg4 Qa8 29. Ng5 Bxg5 30. hxg5 Bxe4 31. f3 Bf5+ 32. Kh4 Qb8 33. Rd6 Kg8 34. Qxe5 Rcd8 35. Ng3 Ng7 36. Ne4 Bxe4 37. fxe4 Rc8 38. Bb3 Qc7 39. Qd4 Ne8 40. Rd7 Qh2+ 41. Kg4 Qh5+ 42. Kf4 e5+ 0-1

[Event "Stuttgart-chB int"]
[Site "Ditzingen"]
[Date "2006.05.27"]
[Round "5"]
[White "Mayer, Andreas"]
[Black "Koss, Dietrich"]
[Result "0-1"]
[WhiteElo "1632"]
[BlackElo "1768"]
[PlyCount "53"]
[EventDate "2006.05.25"]
[EventType "swiss"]
[EventRounds "7"]
[EventCountry "GER"]
[SourceTitle "EXT 2018"]
[Source "ChessBase"]
[SourceDate "2017.10.13"]
[SourceVersion "1"]
[SourceVersionDate "2017.10.13"]
[SourceQuality "1"]

1. c4 c6 2. e4 d5 3. exd5 cxd5 4. d4 Nf6 5. Nc3 Bf5 6. Qb3 Nc6 7. Nf3 Na5 8. Qa4+ Bd7 9. Qb4 dxc4 10. d5 e6 11. d6 Qb6 12. Qxb6 axb6 13. Bf4 Nd5 14. Nxd5 exd5 15. Kd2 Nb3+ 16. Kc2 Bf5+ 17. Kc3 Nxa1 18. Nh4 Be6 19. Be2 Rxa2 20. Re1 Kd7 21. Bd1 Bxd6 22. Be3 b5 23. Bd4 b4+ 24. Kd2 c3+ 25. Kc1 Bf4+ 26. Kb1 Rxb2+ 27. Kxa1 0-1

[Event "Stuttgart-chB int"]
[Site "Ditzingen"]
[Date "2005.05.06"]
[Round "3"]
[White "Wurdig, Georg"]
[Black "Koss, Dietrich"]
[Result "0-1"]
[WhiteElo "1629"]
[BlackElo "1813"]
[PlyCount "72"]
[EventDate "2005.05.05"]
[EventType "swiss"]
[EventRounds "7"]
[EventCountry "GER"]
[SourceTitle "EXT 2018"]
[Source "ChessBase"]
[SourceDate "2017.10.13"]
[SourceVersion "1"]
[SourceVersionDate "2017.10.13"]
[SourceQuality "1"]

1. d4 d5 2. Nf3 c6 3. c4 Nf6 4. cxd5 cxd5 5. g3 e6 6. Bg2 Nc6 7. 0-0 Be7 8. Nc3 0-0 9. a3 Re8 10. b4 a6 11. Bb2 Nd7 12. Qc2 Nb6 13. Nd2 Nxd4 14. Qd3 Nf5 15. Rfc1 Bf6 16. Rc2 Bd7 17. e4 Nd4 18. Nxd5 Nxc2 19. Nxf6+ gxf6 20. Qxc2 Ba4 21. Qc3 e5 22. Bh3 Bd7 23. Bg2 Rc8 24. Qe3 Na4 25. Rb1 Nxb2 26. Rxb2 Rc1+ 27. Bf1 Bh3 28. Qh6 Bxf1 29. Nxf1 Qd1 30. Qh3 Qd3 31. f3 Rec8 32. Rf2 R8c2 33. Rxc2 Rxc2 34. g4 Qd4+ 35. Kh1 Qf2 36. a4 Rc1 0-1

[Event "Stuttgart-chB int"]
[Site "Ditzingen"]
[Date "2005.05.05"]
[Round "2"]
[White "Koss, Dietrich"]
[Black "Lobmeyer, Fabian"]
[Result "1/2-1/2"]
[WhiteElo "1813"]
[BlackElo "1591"]
[PlyCount "69"]
[EventDate "2005.05.05"]
[EventType "swiss"]
[EventRounds "7"]
[EventCountry "GER"]
[SourceTitle "EXT 2018"]
[Source "ChessBase"]
[SourceDate "2017.10.13"]
[SourceVersion "1"]
[SourceVersionDate "2017.10.13"]
[SourceQuality "1"]

1. e4 c5 2. d4 cxd4 3. c3 dxc3 4. Nxc3 Nc6 5. Nf3 d6 6. Bc4 e6 7. 0-0 Nf6 8. Qe2 a6 9. Rd1 e5 10. h3 h6 11. a4 Qc7 12. Be3 Be6 13. Rac1 Nd4 14. Rxd4 exd4 15. Nd5 Bxd5 16. Bxd5 Qe7 17. Nxd4 Nxd5 18. exd5 Qe5 19. Qc4 Be7 20. Re1 0-0 21. f4 Qf6 22. Nf3 Bd8 23. b4 Re8 24. Kf2 Qg6 25. g4 f5 26. Kg3 fxg4 27. hxg4 Re4 28. Qd3 Qe8 29. Nd4 Bb6 30. Kf3 Bxd4 31. Qxe4 Qxe4+ 32. Kxe4 Bxe3 33. Rxe3 Re8+ 34. Kd4 Rxe3 35. Kxe3 1/2-1/2